banner-ar

الدليل الدولى للمؤسسات الثقافية الاسلامية / (Record no. 65113)

MARC details
000 -الفاتح
حقل البيانات ثابتة الطول 00667nam a2200193Ia 4500
005 - وقت وتاريخ اخر تعامل مع التسجيلة
رقم الضبط 20240530110808.0
008 - عناصر البيانات ثابتة الطول - معلومات عامة
حقل البيانات ثابتة الطول 140319s1984 ua 000 0 ara d
040 ## - مصدر الفهرسة
وكالة الفهرسة الأصلية GCL /
وكالة النسخ GCL
082 04 - رقم تصنيف ديوى العشرى
رقم الطبعة 21
رقم التصنيف 213.9 \
رقم المادة أ د
100 0# - المدخل الرئيسى - إسم شخصى
الإسم الشخصى اجار طانلاق
245 12 - بيان العنوان
العنوان الدليل الدولى للمؤسسات الثقافية الاسلامية /
بيان المسئوليه,etc اعداد اجار طانلاق ، احمد العجمى
250 ## - بيان الطبعة
بيان الطبعة ط.1
260 ## - PUBLICATION, DISTRIBUTION, ETC. (IMPRINT)
تاريخ النشر أو التوزيع 1984
300 ## - الوصف المادى
التعداد 337 ص. ؛
أبعاد الوعاء 24سم
650 07 - المدخل الاضافى بالموضوع-مصطلح موضوعى
مصطلح موضوعي المؤسسات الثقافية
700 0# - المدخل الاضافى - اسم شخصى
الإسم الشخصى احمد العجمى
942 ## - عناصر المدخل الإضافي( كوها)
مصدر التصنيف او مخطط الترفيف Dewey Decimal Classification
Koha [default] item type كتاب
260 ## - PUBLICATION, DISTRIBUTION, ETC. (IMPRINT)
-- تركيا :
-- منظمة المؤتمر الاسلامى ،
Holdings
حالة التراجع حالة الفقد مصدر التصنيف او خطة الترفيف حالة تلف ليس للاعارة المكان المؤقت الموقع الحالى موقع الترفيف تاريخ الاكتساب اجمالي اﻻعارات رقم الطلب الباركود تاريخ اخر مشاهدة تاريخ تفعيل السعر نوع وعاء كوها
    ddc     مكتبة القاهرة الكبرى مكتبة القاهرة الكبرى القاعة الرئيسية 03/13/2019   213.9 \ أ د 165690 03/13/2019 03/13/2019 كتاب
    ddc     مكتبة القاهرة الكبرى مكتبة القاهرة الكبرى القاعة الرئيسية 03/13/2019   213.9 \ أ د 165691 03/13/2019 03/13/2019 كتاب

Powered By

EGPV